000 00380nam a22001697a 4500
005 20160528104525.0
008 160528b xxu||||| |||| 00| 0 eng d
020 _a81-7866-050-4
041 _aeng
082 _b5696
100 _aCherunilum, Francis
_91426
245 _aBusiness Marketing
260 _bHPH
_c2001
300 _a308
650 _aManagement
_9241
942 _cBK
999 _c2020
_d2019